| 000 | 01294nam0a22002771 4500 | ||
|---|---|---|---|
| 001 | rc\2673186 | ||
| 005 | 20260407194649.0 | ||
| 035 | _a(NLR Aleph) 006801711 | ||
| 090 |
_a6250640 _c6250640 |
||
| 100 | _a20110915d1932 |||y0rusy50 ca | ||
| 101 | 0 | _arus | |
| 102 | _aRU | ||
| 105 | _ay z ||||| | ||
| 200 | 1 |
_aОб итогах III областной и II городской Московской конференции ВЛКСМ _eПлан проведения занятий в комсомольской политсети |
|
| 210 |
_a[Москва] _cПарт. изд-во _d1932 _gтип. изд-ва "Дер эмес" |
||
| 215 |
_a15 с. _d23х14 см. |
||
| 225 | 1 |
_aВ помощь пропагандисту _fОтд. культуры и пропаганды МОК и МГК ВЛКСМ. Методбюро |
|
| 320 | _aБиблиогр.: "Указатель лит-ры"... (7 назв.) | ||
| 710 | 0 | 2 |
_aВЛКСМ _bМосковский областной комитет _bОтдел культуры и пропаганды |
| 712 | 0 | 2 |
_aВЛКСМ _bМосковский городской комитет _3RU\NLR\AUTH\8810128916 _9754749 |
| 801 | 0 |
_aRU _bNLR _gpsbo |
|
| 801 | 1 |
_aRU _bELAR _2rusmarc |
|
| 852 |
_aNLR _j32-11/1844 |
||
| 942 | _cBOOK | ||
| 980 | _aNB | ||